[Event "11th WCh U20 Girls"]
[Site "Calicut IND"]
[Date "1993.??.??"]
[Round "?"]
[White "Burvenich, Silvia"]
[Black "Grosar, Kiti"]
[Result "1-0"]
[WhiteElo "2155"]
[BlackElo "2120"]
[EventDate "1993.11.17"]
[PlyCount "99"]

1.e4 c5 2.Nf3 d6 3.d4 cxd4 4.Nxd4 Nf6 5.Nc3 Nc6 6.Bg5 e6 7.Qd2 a6 8.O-O-O 
Bd7 9.Be2 b5 10.Nxc6 Bxc6 11.Qe3 h6 12.Bh4 b4 13.Nd5 Bxd5 14.Bxf6 gxf6 15.
exd5 e5 16.Bh5 Qc7 17.Qd3 Rg8 18.g4 a5 19.Kb1 Ke7 20.f4 Bg7 21.Rhf1 Rgd8 
22.g5 hxg5 23.fxg5 Rf8 24.Qh7 Bh8 25.gxf6+ Ke8 26.Qf5 Rc8 27.Rg1 a4 28.
Bxf7+ Kd8 29.Be6 Rb8 30.f7 b3 31.cxb3 axb3 32.a3 Rb5 33.Rg8 Ke7 34.Rxf8 
Kxf8 35.Rg1 Qc2+ 36.Qxc2 bxc2+ 37.Kxc2 Bg7 38.b4 Rb7 39.Kb3 Rc7 40.Rg2 e4 
41.Rc2 Rxc2 42.Kxc2 Ke7 43.a4 Kd8 44.b5 Kc7 45.a5 Kb7 46.Bd7 Ka7 47.Bc6 
Bh6 48.h3 Bf8 49.Kd2 Bh6+ 50.Ke2 1-0

[Event "11th WCh U20 Girls"]
[Site "Calicut IND"]
[Date "1993.??.??"]
[Round "?"]
[White "Dabrowska, Krystyna"]
[Black "Danielian, Elina"]
[Result "1-0"]
[WhiteElo "2240"]
[BlackElo "2170"]
[EventDate "1993.11.17"]
[PlyCount "49"]

1.e4 c6 2.c4 d5 3.exd5 cxd5 4.cxd5 Nf6 5.Nc3 Nxd5 6.Nf3 e6 7.d4 Be7 8.Bd3 
Nc6 9.O-O O-O 10.Re1 Bf6 11.Be4 Qd6 12.Bc2 Nxc3 13.bxc3 b6 14.Ng5 Bxg5 15.
Bxg5 f5 16.Qf3 Ba6 17.Bb3 Rae8 18.Bf4 Qd7 19.d5 Na5 20.dxe6 Qe7 21.Bg5 
Qxg5 22.e7+ Rf7 23.Bxf7+ Kxf7 24.Qd5+ Kg6 25.Qd7 1-0

[Event "11th WCh U20 Girls"]
[Site "Calicut IND"]
[Date "1993.??.??"]
[Round "?"]
[White "Dabrowska, Krystyna"]
[Black "Eriksson, Johan"]
[Result "1-0"]
[WhiteElo "2240"]
[BlackElo "2305"]
[EventDate "1993.11.17"]
[PlyCount "87"]

1.e4 c5 2.Nf3 d6 3.d4 cxd4 4.Nxd4 Nf6 5.Nc3 g6 6.Be3 Bg7 7.f3 O-O 8.Qd2 
Nc6 9.O-O-O d5 10.exd5 Nxd5 11.Nxc6 bxc6 12.Nxd5 cxd5 13.Qxd5 Qc7 14.Qc5 
Qb7 15.b3 Bf5 16.Bd3 Rfc8 17.Qa5 Bxd3 18.Rxd3 Qc6 19.c4 Qf6 20.Bd4 Qf4+ 
21.Qd2 Qb8 22.Bxg7 Kxg7 23.Re1 e6 24.Rd7 Rc6 25.Qd4+ Kg8 26.Qf6 Qf8 27.
Red1 Qa3+ 28.Kb1 Rf8 29.Qe7 Qa5 30.Rxa7 Qf5+ 31.Kb2 Qe5+ 32.Ka3 Rc5 33.f4 
Ra5+ 34.Rxa5 Qxa5+ 35.Kb2 Qh5 36.Rd8 Qe2+ 37.Ka3 Rxd8 38.Qxd8+ Kg7 39.Qd4+
Kg8 40.c5 Qxg2 41.Qc4 Qc6 42.b4 h6 43.b5 Qf3+ 44.Kb4 1-0

[Event "11th WCh U20 Girls"]
[Site "Calicut IND"]
[Date "1993.??.??"]
[Round "?"]
[White "Dabrowska, Krystyna"]
[Black "Kadimova, Ilaha"]
[Result "1/2-1/2"]
[WhiteElo "2240"]
[BlackElo "2335"]
[EventDate "1993.11.17"]
[PlyCount "183"]

1.e4 e6 2.d4 d5 3.e5 c5 4.c3 Qb6 5.Nf3 Nc6 6.a3 Nh6 7.b4 cxb4 8.cxb4 Nf5 
9.Be3 Bd7 10.Bd3 Rc8 11.O-O Be7 12.Bxf5 exf5 13.Qb3 Be6 14.Nc3 Qd8 15.Rfd1
O-O 16.Ne1 Qd7 17.Nd3 b6 18.Rac1 Rfd8 19.Ne2 h6 20.Rc3 Rc7 21.a4 Rdc8 22.
Rdc1 Nd8 23.Rxc7 Rxc7 24.b5 Rc4 25.Nb2 Rxc1+ 26.Bxc1 Qb7 27.Bd2 a5 28.g3 
Qd7 29.Nd3 g5 30.f4 Kg7 31.Bc1 f6 32.Ba3 Nf7 33.Bxe7 Qxe7 34.Qc3 Nd8 35.
exf6+ Kxf6 36.Ne5 Qd6 37.Qf3 g4 38.Qe3 Kg7 39.Nc1 Kf6 40.Ncd3 Kg7 41.Nc6 
Nf7 42.Nde5 Nh8 43.Na7 Kf6 44.Kf2 Qb8 45.Nac6 Qd6 46.Qb3 Bc8 47.Kg2 Kg7 
48.h3 h5 49.Qc3 Be6 50.Qc1 Qf8 51.Nd3 Qd6 52.Nce5 Nf7 53.Nxf7 Kxf7 54.Ne5+
Kf6 55.Nc6 Bd7 56.hxg4 hxg4 57.Ne5 Kg7 58.Qh1 Qc7 59.Qd1 Be8 60.Qd2 Qc8 
61.Kf2 Qc7 62.Kg1 Kf8 63.Qb2 Qd6 64.Qc2 Bd7 65.Qh2 Be8 66.Qh7 Qe6 67.Qb7 
Kg8 68.Qa8 Kf8 69.Qd8 Kg8 70.Kf1 Kf8 71.Kf2 Kg8 72.Nc6 Kf8 73.Qxb6 Qe4 74.
Qc5+ Kf7 75.Ne5+ Kg8 76.Qc8 Qxd4+ 77.Ke2 Qe4+ 78.Kd2 Qg2+ 79.Kd1 Qg1+ 80.
Kc2 Qf2+ 81.Kb1 Qe1+ 82.Kc2 Qe4+ 83.Kd2 Qb4+ 84.Ke2 Qe4+ 85.Kf1 Qh1+ 86.
Kf2 Qh2+ 87.Ke3 Qg1+ 88.Kd2 Qf2+ 89.Kc3 Qe1+ 90.Kd4 Qe4+ 91.Kc3 Qb4+ 92.
Kd3 1/2-1/2

[Event "11th WCh U20 Girls"]
[Site "Calicut IND"]
[Date "1993.??.??"]
[Round "?"]
[White "Danielian, Elina"]
[Black "Bobrowska, Monika"]
[Result "0-1"]
[WhiteElo "2170"]
[BlackElo "2210"]
[EventDate "1993.11.17"]
[PlyCount "52"]

1.d4 Nf6 2.c4 g6 3.Nc3 Bg7 4.e4 d6 5.f3 O-O 6.Be3 e5 7.d5 Na6 8.Qd2 Nh5 9.
Bd3 f5 10.exf5 gxf5 11.Nge2 c5 12.dxc6 bxc6 13.O-O Be6 14.Rad1 Nc7 15.Bc2 
d5 16.Bc5 Re8 17.cxd5 cxd5 18.Ba4 d4 19.Bxe8 Qxe8 20.Nb1 Nd5 21.Qg5 h6 22.
Qd2 Ne3 23.f4 Qc6 24.Nxd4 exd4 25.Rfe1 Qxc5 26.Rc1 Qd5 0-1

[Event "11th WCh U20 Girls"]
[Site "Calicut IND"]
[Date "1993.??.??"]
[Round "?"]
[White "Dhar-Barua, Saheli"]
[Black "Krupkova, Petra"]
[Result "1/2-1/2"]
[WhiteElo "2050"]
[BlackElo "2210"]
[EventDate "1993.11.17"]
[PlyCount "53"]

1.e4 e5 2.Nf3 Nc6 3.Bb5 f5 4.Nc3 fxe4 5.Nxe4 d5 6.Nxe5 dxe4 7.Nxc6 Qg5 8.
Qe2 Nf6 9.f4 Qxf4 10.d4 Qh4+ 11.g3 Qh3 12.Ne5+ c6 13.Bc4 Be6 14.Bg5 Bd6 
15.O-O-O O-O-O 16.Qf1 Rhf8 17.Qxh3 Bxh3 18.Nf7 Rd7 19.Nxd6+ Rxd6 20.Rhe1 
Re8 21.Be2 h6 22.Bf4 Rd7 23.c4 g5 24.Be5 Ng4 25.Bxg4 Bxg4 26.Rd2 Bf3 27.
Kc2 1/2-1/2

[Event "11th WCh U20 Girls"]
[Site "Calicut IND"]
[Date "1993.??.??"]
[Round "?"]
[White "Djeno, Mara"]
[Black "Dabrowska, Krystyna"]
[Result "0-1"]
[WhiteElo "2130"]
[BlackElo "2240"]
[EventDate "1993.11.17"]
[PlyCount "60"]

1.e4 e5 2.Nf3 Nc6 3.Bb5 a6 4.Ba4 Nf6 5.O-O Be7 6.Re1 b5 7.Bb3 d6 8.h3 Na5 
9.d4 exd4 10.e5 dxe5 11.Nxe5 O-O 12.Bd2 b4 13.a3 Bb7 14.Ba4 c5 15.axb4 
cxb4 16.c3 Qd5 17.Nf3 dxc3 18.bxc3 Ne4 19.cxb4 Bf6 20.Ra3 Nc4 21.Bb3 Rfd8 
22.Qe2 Rac8 23.Rc1 Ned6 24.Bf4 Qf5 25.Bxd6 Nxa3 26.Bc5 Nxb1 27.Qa2 Nc3 28.
Bxf7+ Kh8 29.Qc4 Bxf3 30.gxf3 Qg5+ 0-1

[Event "11th WCh U20 Girls"]
[Site "Calicut IND"]
[Date "1993.??.??"]
[Round "?"]
[White "Kadimova, Ilaha"]
[Black "Burvenich, Silvia"]
[Result "1/2-1/2"]
[WhiteElo "2335"]
[BlackElo "2155"]
[EventDate "1993.11.17"]
[PlyCount "104"]

1.d4 Nf6 2.c4 c5 3.d5 b5 4.cxb5 a6 5.bxa6 g6 6.g3 Bxa6 7.Bg2 d6 8.Nc3 Bg7 
9.Nh3 O-O 10.O-O Nbd7 11.Qc2 Ra7 12.Rd1 Qa8 13.Nf4 Rb8 14.Rb1 Ne8 15.b3 
Nc7 16.a4 Rab7 17.Na2 Ne5 18.Be3 Ng4 19.Bxc5 dxc5 20.d6 exd6 21.Rxd6 Qa7 
22.Bxb7 Bxb7 23.h3 Be5 24.Rd2 Nf6 25.Rbd1 Bxf4 26.gxf4 Ne6 27.Rd6 Ne4 28.
Rd7 Qb6 29.Qc4 Bc6 30.R7d3 Nd4 31.Nc1 Qb7 32.Re3 Bd5 33.Qd3 Nd6 34.Qc3 
N6f5 35.Red3 Bxb3 36.R1d2 Bxa4 37.Qxc5 Rc8 38.Qa3 Qb1 39.Rc3 Rxc3 40.Qxc3 
Qb6 41.Nd3 Qb1+ 42.Kh2 Bc6 43.Qc1 Qxc1 44.Nxc1 Kg7 45.Rb2 Ne6 46.Rb4 Ne7 
47.e3 Nd5 48.Rb2 Nf6 49.Nd3 Nd7 50.Kg3 Be4 51.Ne5 Nxe5 52.fxe5 Ng5 1/2-1/2

[Event "11th WCh U20 Girls"]
[Site "Calicut IND"]
[Date "1993.??.??"]
[Round "?"]
[White "Khurtsidze, Nino"]
[Black "Kadimova, Ilaha"]
[Result "1/2-1/2"]
[WhiteElo "2290"]
[BlackElo "2335"]
[EventDate "1993.11.17"]
[PlyCount "47"]

1.d4 d5 2.Nf3 Nf6 3.c4 c6 4.Nc3 e6 5.Bf4 dxc4 6.e3 b5 7.a4 Bb4 8.axb5 cxb5
9.Bxb8 Rxb8 10.Rxa7 Qb6 11.Ra1 Bb7 12.Be2 O-O 13.O-O Ra8 14.Qc2 Ra5 15.b3 
Rfa8 16.Rab1 Ra3 17.Ne5 Qa5 18.Nxb5 Qxb5 19.bxc4 Qa5 20.Qb2 Be4 21.Qxb4 
Bxb1 22.Qxb1 Qc7 23.Bf3 Rb8 24.Qc2 1/2-1/2

[Event "11th WCh U20 Girls"]
[Site "Calicut IND"]
[Date "1993.??.??"]
[Round "?"]
[White "Krupkova, Petra"]
[Black "Eriksson, Johan"]
[Result "1/2-1/2"]
[WhiteElo "2210"]
[BlackElo "2305"]
[EventDate "1993.11.17"]
[PlyCount "129"]

1.e4 d5 2.exd5 Qxd5 3.Nc3 Qa5 4.d4 Nf6 5.Nf3 Bf5 6.Bc4 c6 7.O-O e6 8.Re1 
Nbd7 9.Qe2 Bd6 10.Ne5 O-O 11.Bb3 Qc7 12.Bg5 a6 13.h3 c5 14.Nxd7 Nxd7 15.d5
Rfe8 16.g4 Bg6 17.dxe6 fxe6 18.Bxe6+ Kh8 19.Nd5 Qc6 20.Bxd7 Qxd7 21.Qd2 
Be5 22.c3 h6 23.Nf4 Qf7 24.Nxg6+ Qxg6 25.Bh4 Qf7 26.Kg2 Bf4 27.Qd3 Rxe1 
28.Rxe1 Qxa2 29.Re2 Rf8 30.Be7 Re8 31.Bxc5 Rxe2 32.Qxe2 Qd5+ 33.Qf3 Qxc5 
34.Qxf4 Qb6 35.Qf8+ Kh7 36.Qb4 Qc6+ 37.f3 Qd7 38.Qd4 Qc7 39.f4 Qc6+ 40.Kg3
Qb5 41.Qe4+ Kh8 42.b4 Qb6 43.Qe5 Kh7 44.Qe4+ Kh8 45.g5 hxg5 46.fxg5 g6 47.
Qe8+ Kg7 48.Qe7+ Kg8 49.Qe8+ Kg7 50.Qe7+ Kg8 51.Kf4 Qf2+ 52.Ke5 Qe3+ 53.
Kf6 Qxc3+ 54.Kxg6 Qd3+ 55.Kf6 Qf3+ 56.Ke5 Qc3+ 57.Kd5 Qxh3 58.Qd8+ Kg7 59.
Qf6+ Kg8 60.g6 Qb3+ 61.Kc5 Qe3+ 62.Kd5 Qb3+ 63.Kc5 Qe3+ 64.Kc4 Qe4+ 65.Kc3
1/2-1/2

[Event "11th WCh U20 Girls"]
[Site "Calicut IND"]
[Date "1993.??.??"]
[Round "?"]
[White "Krupkova, Petra"]
[Black "Kunte, Mrunalini"]
[Result "1/2-1/2"]
[WhiteElo "2210"]
[BlackElo "2110"]
[EventDate "1993.11.17"]
[PlyCount "97"]

1.e4 c5 2.Nf3 e6 3.Nc3 a6 4.d4 cxd4 5.Nxd4 Qc7 6.Be2 b5 7.Bf3 Bb7 8.O-O 
Nc6 9.Nxc6 dxc6 10.Qe2 Bd6 11.g3 Nf6 12.Re1 Be5 13.Bg2 h5 14.Bg5 Ng4 15.
Nd1 f6 16.Bd2 Bd4 17.c3 Bb6 18.Bh3 O-O-O 19.Bf4 e5 20.Be3 Kb8 21.Bxb6 Qxb6
22.Bxg4 hxg4 23.Qxg4 Qc7 24.Ne3 Bc8 25.Qf3 Rh3 26.Rad1 Rdh8 27.Nf1 Qf7 28.
Rd6 Qg6 29.Rxc6 Qh7 30.Qe3 Bb7 31.Rb6 Rxh2 32.Nxh2 Qxh2+ 33.Kf1 Qh5 34.f3 
Qh1+ 35.Ke2 Rh2+ 36.Kd3 Qg2 37.Re2 Qf1 38.Kd2 Rh1 39.Re1 Rh2+ 40.Re2 Rh1 
41.Re1 Rh2+ 42.Kd1 Qg2 43.Qe2 Kc7 44.Re6 Kd7 45.Rb6 Kc7 46.Qxg2 Rxg2 47.
Re6 Kd7 48.Rb6 Kc7 49.Re6 1/2-1/2

[Event "11th WCh U20 Girls"]
[Site "Calicut IND"]
[Date "1993.??.??"]
[Round "?"]
[White "Krupkova, Petra"]
[Black "Stoisavljevic, Sava"]
[Result "0-1"]
[WhiteElo "2210"]
[BlackElo "2115"]
[EventDate "1993.11.17"]
[PlyCount "58"]

1.e4 c5 2.Nf3 d6 3.d4 cxd4 4.Nxd4 Nf6 5.Nc3 a6 6.Be2 e5 7.Nb3 Be7 8.Be3 
Be6 9.a4 O-O 10.O-O Nbd7 11.a5 Qc7 12.f3 Rfc8 13.Qd2 Bc4 14.Bxc4 Qxc4 15.
Rfd1 Qc6 16.Rac1 b5 17.axb6 Nxb6 18.Na5 Qc7 19.Kh1 Rab8 20.Bxb6 Qxb6 21.
Na4 Qb4 22.b3 Qxd2 23.Rxd2 d5 24.Rxd5 Nxd5 25.exd5 Bg5 26.Rd1 Rxc2 27.g3 
Rb5 28.Nc6 Rxb3 29.Nxe5 Rb4 0-1

[Event "11th WCh U20 Girls"]
[Site "Calicut IND"]
[Date "1993.??.??"]
[Round "1"]
[White "Khurtsidze, Nino"]
[Black "Kunte, Mrunalini"]
[Result "1-0"]
[WhiteElo "2290"]
[BlackElo "2110"]
[EventDate "1993.11.17"]
[PlyCount "55"]

1.d4 Nf6 2.Nf3 g6 3.c4 Bg7 4.Nc3 O-O 5.g3 d6 6.Bg2 Nbd7 7.O-O e5 8.Qc2 Re8
9.Rd1 c6 10.b3 Qe7 11.Ba3 e4 12.Ng5 e3 13.f3 Nf8 14.Nge4 Bf5 15.Qc1 Bxe4 
16.fxe4 c5 17.e5 dxe5 18.dxc5 Qe6 19.Bxb7 Qh3 20.Bg2 Qh5 21.Bf3 Qh3 22.Ne4
N8d7 23.c6 Nxe4 24.cxd7 Nxg3 25.dxe8=Q+ Rxe8 26.Qxe3 Bh6 27.Qf2 Nf5 28.Bc1
1-0

[Event "11th WCh U20 Girls"]
[Site "Calicut IND"]
[Date "1993.??.??"]
[Round "4"]
[White "Lanchava, Tea"]
[Black "Khurtsidze, Nino"]
[Result "0-1"]
[WhiteElo "2180"]
[BlackElo "2290"]
[EventDate "1993.11.17"]
[PlyCount "52"]

1.d4 Nf6 2.c4 e6 3.Nc3 d5 4.cxd5 exd5 5.Bg5 Bb4 6.e3 Nbd7 7.Bd3 h6 8.Bh4 
c5 9.Nf3 Qa5 10.O-O c4 11.Bc2 O-O 12.Ne5 Re8 13.f4 Bxc3 14.bxc3 Qxc3 15.
Rf3 Nxe5 16.fxe5 Bg4 17.exf6 Bxf3 18.gxf3 Rxe3 19.Rc1 Qa3 20.fxg7 Rae8 21.
Qd2 c3 22.Qd1 Re2 23.Bg3 Qb2 24.Bf5 Rd2 25.Qf1 c2 26.Be5 Qxc1 0-1

[Event "11th WCh U20 Girls"]
[Site "Calicut IND"]
[Date "1993.??.??"]
[Round "6"]
[White "Danielian, Elina"]
[Black "Krupkova, Petra"]
[Result "1-0"]
[WhiteElo "2170"]
[BlackElo "2210"]
[EventDate "1993.11.17"]
[PlyCount "91"]

1.d4 Nf6 2.c4 g6 3.Nc3 d5 4.Nf3 Bg7 5.g3 O-O 6.Bg2 dxc4 7.Ne5 c6 8.Nxc4 
Be6 9.Qd3 Nd5 10.a3 Nd7 11.O-O N7b6 12.Na5 Qc7 13.Bd2 Rfd8 14.Nxd5 Bxd5 
15.Bh3 e5 16.e4 Be6 17.Bxe6 fxe6 18.Qb3 Qf7 19.Bg5 Rxd4 20.f3 h6 21.Be3 
Rd7 22.Kg2 Rad8 23.Rad1 Kh7 24.a4 Nc8 25.Rxd7 Rxd7 26.Rc1 a6 27.Qc3 Rd8 
28.Nb3 Qe7 29.Nc5 Nd6 30.Qb3 Re8 31.Rd1 Bf8 32.Bf2 Qf7 33.Qc3 Qg7 34.Rd3 
h5 35.Nb3 Nc8 36.Qd2 Qf7 37.Nc5 Kg8 38.Rd7 Re7 39.Rd8 Re8 40.Nxb7 Rxd8 41.
Nxd8 Qe8 42.Nb7 Qf7 43.Nc5 Bxc5 44.Bxc5 Qc7 45.Qh6 Qf7 46.Qg5 1-0

[Event "11th WCh U20 Girls"]
[Site "Calicut IND"]
[Date "1993.??.??"]
[Round "9"]
[White "Lanchava, Tea"]
[Black "Krupkova, Petra"]
[Result "0-1"]
[WhiteElo "2180"]
[BlackElo "2210"]
[EventDate "1993.11.17"]
[PlyCount "84"]

1.d4 Nf6 2.c4 g6 3.Nc3 d5 4.cxd5 Nxd5 5.e4 Nxc3 6.bxc3 Bg7 7.Nf3 c5 8.Rb1 
O-O 9.Be2 b6 10.O-O Bb7 11.Qd3 Ba6 12.Qe3 cxd4 13.cxd4 Qd7 14.Bxa6 Nxa6 
15.Qa3 Nc7 16.Bb2 e6 17.Rfd1 Rfd8 18.Rbc1 Nb5 19.Qb3 Nd6 20.d5 Nxe4 21.
Bxg7 Kxg7 22.Ne5 Qd6 23.Qb2 f6 24.Nc6 Rd7 25.Nd4 exd5 26.Rc6 Qe7 27.Ne6+ 
Kf7 28.Nf4 Nc5 29.Qd2 Re8 30.Nxd5 Qe5 31.g3 Ne6 32.f4 Qf5 33.Qg2 Red8 34.
g4 Rxd5 35.Re1 Qxf4 36.Rcxe6 Qd4+ 37.Kh1 Re5 38.R6xe5 fxe5 39.Qb7+ Rd7 40.
Rf1+ Ke6 41.Qc8 Qd5+ 42.Kg1 Qc5+ 0-1